Sväzácka estráda [Zv.] 2

Bibliographic Details
Main Author: Mojík, Ivan, 1928-2007 (Author, Compiler)
Format: Book
Language:Slovak
PhysicalDescription:154, [6] s. V. 8°
Published: Bratislava Smena 1954
Series:Estrády
Subjects:

MARC

LEADER 00000nam a2200000 a 4500
001 vtls008386152
003 SK-MaSNL
005 20260301225309.0
008 251029s1954 xo slo
015 |a SKSNBA19451955-007763 
035 |a SK01SNKBKSFS20010078369 
035 |a SKM000080832 
040 |a SNK  |b slo  |c SNK  |e AACR2 
041 0 |a slo 
044 |a xo  |c SK 
080 |a 792.7  |2 1981 
100 1 |a Mojík, Ivan,  |d 1928-2007  |4 aut  |4 com  |9 13383 
245 1 0 |a Sväzácka estráda  |c (zost. Ivan Mojík)  |n [Zv.] 2 
260 |a Bratislava  |b Smena  |c 1954  |e Komárno  |f Nitrian. tlač. 
300 |a 154, [6] s.  |c V. 8° 
490 0 |a Estrády  |v zv. 2 
500 |a Ilustrované. Noty 
505 0 |a 46 príspevkov 
563 |a 4.000 výtlač. 
650 0 7 |a estrády zväzácke  |2 SNK  |9 610735 
655 7 |a umelecká literatúra  |2 SNKPH  |9 60405 
655 7 |a hudobniny  |2 SNKPH  |9 293743 
830 0 |a Estrády  |9 309288 
852 |a Slovenská národná knižnica v Martine  |b 10000  |h MS SD 8999/2 
958 |a OND 
958 |a RK 
958 |a TL 
999 |c 950372  |d 952302 
952 |a SNK  |b SNK  |y VYP  |7 0  |p 17A1077459  |o snkSD 8999/2 D1  |i snkI. 8093/54  |0 0  |1 0  |4 0  |d 2014-09-18  |l 0  |r 2026-02-24 09:46:32  |w 2026-02-24 
952 |a SNK  |b SNK  |y PREZ  |7 0  |p 17A0390649  |o snkSD 8999/2  |i snk1022/54  |0 0  |1 0  |4 0  |d 2003-08-01  |l 0  |r 2025-11-21 00:00:00  |w 2026-02-24